| 000 | 02136nas a2200433 i 4500 | ||
|---|---|---|---|
| 001 | 113344 | ||
| 003 | DR-UNIBE | ||
| 005 | 20250715131054.0 | ||
| 007 | ta | ||
| 008 | 250318b2016 dr ||||| |||| 00| 0 spa d | ||
| 022 | _a2676-0630 (impreso) | ||
| 022 | _a3060-9682 (electrónico) | ||
| 040 |
_aBiblioteca UNIBE _cBiblioteca UNIBE _bspa _dDO-SdBNP _erda |
||
| 041 | _aspa | ||
| 245 | 0 | 0 |
_aUNAPEC verde / _cUniversidad APEC, UNAPEC. |
| 264 |
_aSanto Domingo, República Dominicana : _bUniversidad APEC, _c2024. |
||
| 300 |
_avolúmenes : _bilustraciones, fotografías ; _c28 cm. |
||
| 310 | _aAnual. | ||
| 336 |
_atexto _btxt _2rdacontent |
||
| 337 |
_asin mediación _bn _2rdamedia |
||
| 338 |
_avolumen _bnc _2rdacarrier |
||
| 362 | _aVolumen 5, número 5 (junio 2024). | ||
| 520 | 3 | _aPublicación anual dedicada a la difusión de trabajos y actividades realizadas en la Universidad APEC para promover el desarrollo de una conciencia ecológica, especialmente en el marco de la Semana del Medio Ambiente. | |
| 650 | 7 |
_2lemb _aMedio ambiente _95185 _vPublicaciones periódicas _zRepública Dominicana |
|
| 650 | 7 |
_2lemb _aProtección del medio ambiente _94185 _zRepública Dominicana |
|
| 650 | 7 |
_2lemb _aResponsabilidad por el medio ambiente _988088 _zRepública Dominicana |
|
| 650 | 7 |
_2lemb _aDesarrollo económico _xAspectos ambientales _97037 _zRepública Dominicana |
|
| 650 | 7 |
_2lemb _aTratamiento de residuos _9796 _zRepública Dominicana |
|
| 650 | 7 |
_2lemb _aAprovechamiento de residuos _934025 _zRepública Dominicana |
|
| 650 | 7 |
_2lemb _aTransformación de residuos _9193531 _zRepública Dominicana |
|
| 650 | 7 |
_2lemb _aConversión de residuos _9800 _zRepública Dominicana |
|
| 650 | 7 |
_2lemb _aÉtica del medio ambiente _9193532 _zRepública Dominicana |
|
| 650 | 0 |
_aEducación ambiental _zRepública Dominicana _93422 |
|
| 650 | 7 |
_2lemb _aGestión ambiental _933941 _zRepública Dominicana |
|
| 650 | 7 |
_2lemb _aEcología _zRepública Dominicana _96952 |
|
| 655 | 7 |
_2lemb _aPublicaciones periódicas _987420 |
|
| 856 |
_uhttp://repositorio.unapec.edu.do/handle/123456789/451 _yVersión electrónica de la revista |
||
| 942 |
_2ddc _cISSUE |
||
| 999 |
_c59256 _d59256 |
||